| 000 | 00474nam a2200169 4500 | ||
|---|---|---|---|
| 001 | 116471 | ||
| 003 | ES-MaACL | ||
| 005 | 20230906190719.0 | ||
| 007 | t| | ||
| 008 | 061121s1912 fr r ||||1| fre d | ||
| 100 | 1 |
_aOstwald, Wilhelm. _987830 |
|
| 245 | 1 | 4 |
_aLes grands hommes / _cWilhelm Ostwald ; traduit par Marcel Dufour. |
| 260 |
_aParis : _bHemmerle et Co, _c1912. |
||
| 300 |
_a328 p. ; _c18 cm. |
||
| 700 | 1 |
_aDufour, Marcel. _945902 |
|
| 852 |
_aES-MaACL _jF-6360 |
||
| 999 |
_c116471 _d116471 |
||